000 00534nam a2200181Ia 4500
008 151018s9999 xx 000 0 und d
082 _bRBASDV12157
_a891.461
100 _aमंगेश पाडगांवकर
245 _aसलाम
250 _b1
260 _bपुणे प्रकाशन
_c1978
300 _a63
600 _aमंगेश पाडगांवकर
630 _aसलाम
700 _aमंगेश पाडगांवकर
730 _aसलाम
942 _cBOOK
999 _c1014409
_d1014406